000 00735nam a22001937a 4500
008 160411b xxu||||| |||| 00| 0 eng d
020 _a0071234063
082 _22004
_aDC 658.403811
_bOb6m
100 _95224
_aO'Brien, James A.
245 _aManagement information systems:
_bmanaging information technology in the business enterprise/
_cJames A. O'Brien and George M. Marakas.
250 _aSixth Edition.
260 _aBoston:
_bMcGraw-Hill,
_cc2004.
300 _axxix, 529 pages:
_billustrations;
_c25 cm.
500 _aIncludes bibliographical references, glossary and indexes.
650 0 _95226
_aManagement information systems.
650 0 _95227
_aInformation systems
_xManagement.
365 _b825.00
_cPhp
942 _2ddc
_cDC
999 _c2644
_d2644